<?xml version="1.0" encoding="UTF-8"?>
<record
    xmlns:xsi="http://www.w3.org/2001/XMLSchema-instance"
    xsi:schemaLocation="http://www.loc.gov/MARC21/slim http://www.loc.gov/standards/marcxml/schema/MARC21slim.xsd"
    xmlns="http://www.loc.gov/MARC21/slim">

  <leader>00794nam a22001577a 4500</leader>
  <controlfield tag="003">OSt</controlfield>
  <controlfield tag="005">20151007143459.0</controlfield>
  <controlfield tag="008">151007b        xxu||||| |||| 00| 0 eng d</controlfield>
  <datafield tag="040" ind1=" " ind2=" ">
    <subfield code="c">RUA</subfield>
  </datafield>
  <datafield tag="082" ind1=" " ind2=" ">
    <subfield code="a">AVM PIC 2008 B080 Or.1</subfield>
  </datafield>
  <datafield tag="100" ind1=" " ind2=" ">
    <subfield code="9">2277</subfield>
    <subfield code="a"> PICH, PHARIN.</subfield>
  </datafield>
  <datafield tag="245" ind1=" " ind2=" ">
    <subfield code="a">Effect of pumpkin supplementation in cp concentrate on growth rate of broiler chicken avian in rua, &#x17A5;&#x1791;&#x17D2;&#x1792;&#x17B7;&#x1796;&#x179B;&#x1793;&#x17C3;&#x1780;&#x17B6;&#x179A;&#x1794;&#x17D2;&#x179A;&#x17BE;&#x1794;&#x17D2;&#x179A;&#x17B6;&#x179F;&#x17CB;&#x1795;&#x17D2;&#x179B;&#x17C2;&#x179B;&#x17D2;&#x1796;&#x17C5;&#x1787;&#x17B6;&#x1785;&#x17C6;&#x178E;&#x17B8;&#x1794;&#x1793;&#x17D2;&#x1790;&#x17C2;&#x1798;&#x179B;&#x17BE;&#x1785;&#x17C6;&#x178E;&#x17C5;&#x1795;&#x17D2;&#x179F;&#x17C6;&#x179A;&#x1794;&#x179F;&#x17CB;&#x1780;&#x17D2;&#x179A;&#x17BB;&#x1798;&#x17A0;&#x17CA;&#x17BB;&#x1793; CP &#x1791;&#x17C5;&#x179B;&#x17BE;&#x1780;&#x17B6;&#x179A;&#x179B;&#x17BC;&#x178F;&#x179B;&#x17B6;&#x179F;&#x17CB;&#x179A;&#x1794;&#x179F;&#x17CB;&#x1798;&#x17B6;&#x1793;&#x17CB; avian &#x1793;&#x17C5;&#x179F;&#x17D2;&#x1790;&#x17B6;&#x1793;&#x17B8;&#x1785;&#x17B7;&#x1789;&#x1785;&#x17B9;&#x1798;&#x179F;&#x178F;&#x17D2;&#x179C; rua</subfield>
  </datafield>
  <datafield tag="260" ind1=" " ind2=" ">
    <subfield code="a">Phnom Penh</subfield>
    <subfield code="b">RUA</subfield>
    <subfield code="c">2008</subfield>
  </datafield>
  <datafield tag="300" ind1=" " ind2=" ">
    <subfield code="a">x; 44p.</subfield>
    <subfield code="b">ill.</subfield>
    <subfield code="c">29cm.</subfield>
  </datafield>
  <datafield tag="942" ind1=" " ind2=" ">
    <subfield code="2">ddc</subfield>
    <subfield code="c">AVM</subfield>
  </datafield>
  <datafield tag="999" ind1=" " ind2=" ">
    <subfield code="c">2146</subfield>
    <subfield code="d">2146</subfield>
  </datafield>
  <datafield tag="952" ind1=" " ind2=" ">
    <subfield code="0">0</subfield>
    <subfield code="1">0</subfield>
    <subfield code="2">ddc</subfield>
    <subfield code="4">0</subfield>
    <subfield code="6">AVM_PIC_2008_000000000000000_B080_OR_1</subfield>
    <subfield code="7">0</subfield>
    <subfield code="9">8857</subfield>
    <subfield code="a">LBB</subfield>
    <subfield code="b">LBB</subfield>
    <subfield code="c">B080</subfield>
    <subfield code="d">2015-10-07</subfield>
    <subfield code="o">AVM PIC 2008 B080 Or.1</subfield>
    <subfield code="p">RUA008637</subfield>
    <subfield code="r">2015-10-07</subfield>
    <subfield code="w">2015-10-07</subfield>
    <subfield code="y">AVM</subfield>
  </datafield>
  <datafield tag="952" ind1=" " ind2=" ">
    <subfield code="0">0</subfield>
    <subfield code="1">0</subfield>
    <subfield code="2">ddc</subfield>
    <subfield code="4">0</subfield>
    <subfield code="6">AVM_PIC_2008_000000000000000_B080_OR_2</subfield>
    <subfield code="7">0</subfield>
    <subfield code="9">8858</subfield>
    <subfield code="a">LBB</subfield>
    <subfield code="b">LBB</subfield>
    <subfield code="c">B080</subfield>
    <subfield code="d">2015-10-07</subfield>
    <subfield code="l">1</subfield>
    <subfield code="o">AVM PIC 2008 B080 Or.2</subfield>
    <subfield code="p">RUA008709</subfield>
    <subfield code="r">2019-05-24</subfield>
    <subfield code="s">2019-05-10</subfield>
    <subfield code="w">2015-10-07</subfield>
    <subfield code="y">AVM</subfield>
  </datafield>
  <datafield tag="952" ind1=" " ind2=" ">
    <subfield code="0">0</subfield>
    <subfield code="1">0</subfield>
    <subfield code="2">ddc</subfield>
    <subfield code="4">0</subfield>
    <subfield code="6">AVM_PIC_2008_000000000000000_B080_OR_3</subfield>
    <subfield code="7">0</subfield>
    <subfield code="9">8859</subfield>
    <subfield code="a">LBB</subfield>
    <subfield code="b">LBB</subfield>
    <subfield code="c">B080</subfield>
    <subfield code="d">2015-10-07</subfield>
    <subfield code="l">2</subfield>
    <subfield code="m">1</subfield>
    <subfield code="o">AVM PIC 2008 B080 Or.3</subfield>
    <subfield code="p">RUA016677</subfield>
    <subfield code="r">2022-08-03</subfield>
    <subfield code="s">2022-07-22</subfield>
    <subfield code="w">2015-10-07</subfield>
    <subfield code="y">AVM</subfield>
  </datafield>
  <datafield tag="952" ind1=" " ind2=" ">
    <subfield code="0">0</subfield>
    <subfield code="1">0</subfield>
    <subfield code="2">ddc</subfield>
    <subfield code="4">0</subfield>
    <subfield code="6">AVM_PIC_2008_000000000000000_B080_OR_4</subfield>
    <subfield code="7">0</subfield>
    <subfield code="9">9675</subfield>
    <subfield code="a">LBB</subfield>
    <subfield code="b">LBB</subfield>
    <subfield code="c">B080</subfield>
    <subfield code="d">2015-10-09</subfield>
    <subfield code="l">5</subfield>
    <subfield code="m">2</subfield>
    <subfield code="o">AVM PIC 2008 B080 Or.4</subfield>
    <subfield code="p">RUA025363</subfield>
    <subfield code="r">2018-06-15</subfield>
    <subfield code="s">2018-06-05</subfield>
    <subfield code="w">2015-10-09</subfield>
    <subfield code="y">AVM</subfield>
  </datafield>
  <datafield tag="952" ind1=" " ind2=" ">
    <subfield code="0">0</subfield>
    <subfield code="1">0</subfield>
    <subfield code="2">ddc</subfield>
    <subfield code="4">0</subfield>
    <subfield code="6">AVM_PIC_2008_000000000000000_B080_OR_5</subfield>
    <subfield code="7">0</subfield>
    <subfield code="9">9676</subfield>
    <subfield code="a">LBB</subfield>
    <subfield code="b">LBB</subfield>
    <subfield code="c">B080</subfield>
    <subfield code="d">2015-10-09</subfield>
    <subfield code="l">1</subfield>
    <subfield code="o">AVM PIC 2008 B080 Or.5</subfield>
    <subfield code="p">RUA025038</subfield>
    <subfield code="r">2016-08-15</subfield>
    <subfield code="s">2016-07-19</subfield>
    <subfield code="w">2015-10-09</subfield>
    <subfield code="y">AVM</subfield>
  </datafield>
  <datafield tag="952" ind1=" " ind2=" ">
    <subfield code="0">0</subfield>
    <subfield code="1">0</subfield>
    <subfield code="2">ddc</subfield>
    <subfield code="4">0</subfield>
    <subfield code="6">AVM_PIC_2008_000000000000000_B080_OR_6</subfield>
    <subfield code="7">0</subfield>
    <subfield code="9">9677</subfield>
    <subfield code="a">LBB</subfield>
    <subfield code="b">LBB</subfield>
    <subfield code="c">B080</subfield>
    <subfield code="d">2015-10-09</subfield>
    <subfield code="o">AVM PIC 2008 B080 Or.6</subfield>
    <subfield code="p">RUA025344</subfield>
    <subfield code="r">2015-10-09</subfield>
    <subfield code="w">2015-10-09</subfield>
    <subfield code="y">AVM</subfield>
  </datafield>
</record>
